书目信息 |
| 题名: |
市政工程资料员培训教材
|
|
| 作者: | 于钊 主编 ;李良因 , 葛红艳 副主编 | |
| 分册: | ||
| 出版信息: | 北京 中国建材工业出版社 2010.02 |
|
| 页数: | 357页 | |
| 开本: | 26cm | |
| 丛书名: | ||
| 单 册: | ||
| 中图分类: | G275.3 | |
| 科图分类: | ||
| 主题词: | 市政工程--技术档案--档案管理--技术培训--教材 | |
| 电子资源: | ||
| ISBN: | 978-7-80227-690-1 | |
| 000 | 00970nam0 2200265 450 | |
| 001 | 1060703535 | |
| 005 | 20101026165308.37 | |
| 010 | @a978-7-80227-690-1@dCNY46.00 | |
| 100 | @a20101129d2010 km y0chiy0120 ea | |
| 101 | 0 | @achi |
| 102 | @aCN@b110000 | |
| 105 | @aa a 000yy | |
| 200 | 1 | @a市政工程资料员培训教材@Ashi zheng gong cheng zi liao yuan pei xun jiao cai@f于钊主编@g李良因, 葛红艳副主编 |
| 210 | @a北京@c中国建材工业出版社@d2010.02 | |
| 215 | @a357页@c图@d26cm | |
| 304 | @a本书主编和副主编:取自本书编会 | |
| 320 | @a有书目 | |
| 330 | @a本书主要介绍了市政工程资料员的工作职责及市政工程资料编制与管理的方法。全书主要内容包括:市政工程资料管理概论、市政工程基建资料管理、市政工程施工资料管理等。 | |
| 606 | 0 | @a市政工程@x技术档案@x档案管理@x技术培训@x教材 |
| 690 | @aG275.3@v4 | |
| 701 | 0 | @a于钊@Ayu zhao@4主编 |
| 702 | 0 | @a李良因@Ali liang yin@4副主编 |
| 702 | 0 | @a葛红艳@Age hong yan@4副主编 |
| 801 | 0 | @aCN@c20101129 |
| 905 | @dG275.3@eY739 | |
| 市政工程资料员培训教材/于钊主编/李良因, 葛红艳副主编.-北京:中国建材工业出版社,2010.02 |
| 357页:图;26cm |
| ISBN 978-7-80227-690-1:CNY46.00 |
| 本书主要介绍了市政工程资料员的工作职责及市政工程资料编制与管理的方法。全书主要内容包括:市政工程资料管理概论、市政工程基建资料管理、市政工程施工资料管理等。 |
| ● |
| 相关链接 |
|
|
|
正题名:市政工程资料员培训教材
索取号:G275.3/Y739
 
预约/预借
| 序号 | 登录号 | 条形码 | 馆藏地/架位号 | 状态 | 备注 |
| 1 | 1033599 | 210335993 | 社科库409/409社科库 60排4列2层/ [索取号:G275.3/Y739] | 在馆 | |
| 2 | 1033600 | 210336000 | 社科库409/409社科库 60排4列2层/ [索取号:G275.3/Y739] | 在馆 | |
| 3 | 1033601 | 210336019 | 社科库409/309社科库 88排2列4层/ [索取号:G275.3/Y739] | 在馆 |